Statystyki dla Państwa graniczące z państwami na literę F (z mapą!)

Kliknij tutaj aby rozwiązać quiz!

Ogólne statystyki

  • Ten quiz został rozwiązany 539 razy
    (486 od ostatniego zresetowania)
  • Średni wynik to 10 z 11

Odpowiedzi na mapie

Odpowiedzi skodowane kolorowo w zielono-czerwonej skali na mapie do tego quizu, zgodnie z poniższymi procentami.
 

Statystyki odpowiedzi

Państwo% Poprawnych
Hiszpania
96%
Belgia
95%
Niemcy
94%
Szwajcaria
92%
Włochy
92%
Szwecja
90%
Rosja
89%
Norwegia
88%
Luksemburg
86%
Andora
75%
Monako
61%

Rozkład punktacji

Percentyl według liczby udzielonych odpowiedzi

Procent ludzi z każdym wynikiem

Twoja historia wyników

Nie rozwiązałeś tego quizu od ostatniego zresetowania